| 000 -LEADER | |
|---|---|
| fixed length control field | 00361nam a22001577a 4500 |
| 005 - DATE AND TIME OF LATEST TRANSACTION | |
| control field | 20160905164228.0 |
| 008 - FIXED-LENGTH DATA ELEMENTS--GENERAL INFORMATION | |
| fixed length control field | 160905b xxu||||| |||| 00| 0 eng d |
| 020 ## - INTERNATIONAL STANDARD BOOK NUMBER | |
| ISBN | 978-93-272-6265-0 |
| 041 ## - LANGUAGE CODE | |
| Language code of text/sound track or separate title | eng |
| 100 ## - MAIN ENTRY--AUTHOR NAME | |
| Personal name | Reddy,S.R |
| 245 ## - TITLE STATEMENT | |
| Title | Irrigation Agronomy |
| 260 ## - PUBLICATION, DISTRIBUTION, ETC. (IMPRINT) | |
| Name of publisher | Klayani |
| Year of publication | 2016 |
| 300 ## - PHYSICAL DESCRIPTION | |
| Number of Pages | 553 |
| 650 ## - SUBJECT ADDED ENTRY--TOPICAL TERM | |
| Topical Term | Agricultural |
| 942 ## - ADDED ENTRY ELEMENTS (KOHA) | |
| Koha item type | Books |
| Lost status | Damaged status | Collection code | Home library | Current library | Shelving location | Date acquired | Source of acquisition | Cost, normal purchase price | Full call number | Accession Number | Koha item type | Copy number |
|---|---|---|---|---|---|---|---|---|---|---|---|---|
| Reference | JRU Library | JRU Library | SHELF-2-B | 05/09/2016 | PURCHASE | 350.00 | 630 | 21106 | Books | |||
| AGRICULTURE | JRU Library | JRU Library | SHELF-45-A | 05/09/2016 | PURCHASE | 350.00 | 630 | 21107 | Books | 5 | ||
| AGRICULTURE | JRU Library | JRU Library | SHELF-45-A | 05/09/2016 | PURCHASE | 350.00 | 630 | 21108 | Books | 5 | ||
| AGRICULTURE | JRU Library | JRU Library | SHELF-45-A | 05/09/2016 | PURCHASE | 350.00 | 630 | 21109 | Books | 5 | ||
| AGRICULTURE | JRU Library | JRU Library | SHELF-45-A | 05/09/2016 | PURCHASE | 350.00 | 630 | 21110 | Books | 5 |